000 00694nam a2200217Ii 4500
003 JO-AjNU
008 230605s9999||||xx |||||||||||||| ||und||
017 _a2005/5/1283
040 _aJO-AjNU
_bara
_erda
_cJO-AjNU
041 _aara
050 1 4 _aBP135.A3.M87 2006
100 3 _aجمع وتعليق مصطفى، محمد شريف,
_eauthor
_941075
245 0 0 _aالأربعون الجهادية
250 _aط1
264 3 1 _aعمان: دار ابن الجوزي، 2006
300 _a96ص
336 _atext
_btxt
_2rdacontent
337 _aunmediated
_bn
_2rdamedia
338 _avolume
_bnc
_2rdacarrier
650 4 _aالاسلام - الحديث النبوي - الحهاد
_941076
999 _aA17483
_c21051
_d21051